|
|
|
|
| LEADER |
00000nab a2200000uu 4500 |
| 001 |
vtls011450065 |
| 003 |
SK-MaSNL |
| 005 |
20260303151421.0 |
| 008 |
230222|2011 xo |||||||||||||||||eng| |
| 015 |
|
|
|a SNBRB
|
| 035 |
|
|
|a (urnnbn)urn:nbn:sk:snk:ar-006f5f
|
| 035 |
|
|
|a (uuid)fb902be0-c1cf-469d-aa37-7674bbdc5330
|
| 035 |
|
|
|a urn:nbn:sk:snk-abcmc8
|
| 040 |
|
|
|a SNKBUCL
|b slo
|c SNKBUCL
|e AACR2
|
| 041 |
0 |
|
|a eng
|
| 044 |
|
|
|a xo
|c SK
|
| 100 |
1 |
|
|a Volkmann, Lutz
|4 aut
|9 1170961
|
| 245 |
1 |
0 |
|a BOUNDS ON THE k-TUPLE DOMATIC NUMBER OF A GRAPH
|c Lutz Volkmann
|
| 773 |
0 |
|
|t Mathematica Slovaca
|g Roč. 61, č. 6 (2011), s. [851]-858
|
| 958 |
|
|
|a OND
|
| 958 |
|
|
|a EUIPO
|
| 958 |
|
|
|a article16
|
| 999 |
|
|
|c 2017565
|d 2019495
|